La Seconde Guerre Mondiale en photos - Statistiques

Statistiques générales
  • Ce quiz a été pris 2 155 fois
  • Le résultat moyen est 17 sur 24
Statistiques - réponses
Par images Hint Réponse % Correct
(dirigeant) Adolf Hitler
100%
(général) Charles de Gaulle
97%
(dirigeant) Joseph Staline
93%
(dirigeant) Winston Churchill
93%
(évènement) Débarquement en Normandie
92%
(camp de concentration) Auschwitz
88%
(évènement) Bombardement atomique d'Hiroshima
87%
(dirigeant) Philippe Pétain
86%
(personnalité) Anne Franck
84%
(évènement) Bombardement atomique de Nagasaki
80%
(idéologie) Nazisme
80%
(bataille) Bataille de Stalingrad
78%
(organisation) Schutzstaffel
77%
(dirigeant) Benito Mussolini
75%
(dirigeant) Franklin D. Roosevelt
72%
(dirigeant) Hirohito
63%
(mouvement) Résistance
61%
(évènement) Attaque de Pearl Harbor
58%
(général) Dwight D. Eisenhower
52%
(ministre) Heinrich Himmler
46%
(évènement) Invasion de la Pologne
34%
(bataille) Bataille des Ardennes
31%
(général) Douglas MacArthur
28%
(bataille) Bataille d'Iwo Jima
23%
Aucun quiz correspondant
Distribution des résultats
% des personnes avec chaque résultat
Percentile par nombre de réponses
Votre historique - résultats
Vous n’avez pas pris ce quiz